LEADER 01027nam0-22003491i-450- 001 990002053760403321 005 20110725130552.0 010 $a2-85004-047-9 035 $a000205376 035 $aFED01000205376 035 $a(Aleph)000205376FED01 035 $a000205376 100 $a20030910d1987----km-y0itay50------ba 101 0 $afre 200 1 $a<>univers odorant de l'animal$eles stimulations chimiques dans les communications et les comportaments des animaux$fYveline Leroy 210 $aParis$cSociete Nouvelle des Editions Boubée$d1987 215 $a375 p.$d23 cm 610 0 $aSemiochimici 610 0 $aFeromoni 610 0 $aInsetti 676 $a632.7 676 $a595.7 700 1$aLeroy,$bYveline$087595 801 0$aIT$bUNINA$gRICA$2UNIMARC 901 $aBK 912 $a990002053760403321 952 $aIV C 260$b10083$fDMVSF 952 $a61 VIII A.1/16$b2686 (16/01/1991)$fDAGEN 959 $aDAGEN 959 $aDMVSF 996 $aUnivers odorant de l'animal$9405989 997 $aUNINA LEADER 02286nam 2200361 450 001 9910571756003321 005 20230720160317.0 035 $a(CKB)5860000000047575 035 $a(NjHacI)995860000000047575 035 $a(EXLCZ)995860000000047575 100 $a20230516d2019 uy 0 101 0 $aita 135 $aur||||||||||| 181 $ctxt$2rdacontent 182 $cc$2rdamedia 183 $acr$2rdacarrier 200 10$aNessuno poteva aprire il libro $eMiscellanea di studi e testimonianze per i settant'anni di fr. Silvano Danieli, OSM /$fMauro Guerrini 210 1$aFlorence :$cFirenze University Press,$d2019. 215 $a1 online resource (512 pages) 225 0 $aBiblioteche & bibliotecari = Libraries & librarians 311 $a88-927-3011-8 330 $aThe initiative to offer one Festschrift to Silvano M. Danieli for his seventieth birthday pays tribute to a man and a professional whose work has left a deep mark on human relations and on the world of libraries. Silvano, librarian at the Pontifical Theological Faculty "Marianum" and Prior of the Studio Marianum community in Rome since 2014, has indeed played a strategic role in the development of URBE, the association unifying the libraries of Rome's pontifical universities in a single network of services. The qualified list of Italian and European participants to the work is proof of the breadth of appreciation he earned in his thirty years of activity as librarian and curator of the Bibliography of the Servite Order and of the Marian Bibliography. Aelredo of Rievaulx (1109-1167), one of the leading figures of the Anglo-Saxon Cistercian monasticism, expresses the meaning of this gift with the following words: «A man, by virtue of the friendship he has towards another man, becomes a friend of God, according to what the Lord says in the Gospel: I no longer call you servants, but friends»(De spirituali amicitia, II, 14). 517 $aNessuno poteva aprire il libro... 606 $aCatholic libraries 615 0$aCatholic libraries. 676 $a027.6702545 700 $aGuerrini$b Mauro$f1953-$05520 801 0$bNjHacI 801 1$bNjHacl 906 $aBOOK 912 $a9910571756003321 996 $aNessuno poteva aprire il libro$93364664 997 $aUNINA